[Event "DEM U18 2012"]
[Site "Oberhof GER"]
[Date "2012.05.30"]
[Round "6"]
[White "Faldum, Manfred"]
[Black "Brodmann, Anton"]
[Result "1/2-1/2"]
[Termination "normal"]
[Board "13"]
[WhiteElo "1971"]
[BlackElo "1937"]
[PlyCount "49"]
[WhiteFideId "12921459"]
[BlackFideId "24655481"]
[EventCountry "GER"]
[EventRounds "9"]
[EventType "swiss"]
[EventDate "2012.05.26"]

1. e4 e6 2. d3 d5 3. Nd2 Nf6 4. Ngf3 c5 5. g3 Nc6 6. Bg2 Be7 7. O-O Qc7 8. Re1
b6 9. exd5 Nxd5 10. a4 Bb7 11. Nc4 O-O 12. c3 Rad8 13. Qe2 Bf6 14. Nfd2 Rd7 15.
Ne4 Rfd8 16. Rd1 Be7 17. h4 h6 18. Bh3 Qc8 19. h5 Ba6 20. Bg2 Nf6 21. Bf4 Bxc4
22. dxc4 Na5 23. Nxf6+ Bxf6 24. Bf1 Qc6 25. Qc2 1/2-1/2

[Event "DEM U18 2012"]
[Site "Oberhof GER"]
[Date "2012.05.31"]
[Round "7"]
[White "Löwe, Lennard"]
[Black "Schreiner, Till"]
[Result "0-1"]
[Termination "normal"]
[Board "2"]
[WhiteElo "2086"]
[BlackElo "2219"]
[PlyCount "104"]
[WhiteFideId "24653268"]
[BlackFideId "24675555"]
[EventCountry "GER"]
[EventRounds "9"]
[EventType "swiss"]
[EventDate "2012.05.26"]

1. e4 c6 2. d4 d5 3. e5 c5 4. c4 cxd4 5. Nf3 Bg4 6. Qxd4 Bxf3 7. gxf3 Nc6 8.
Qxd5 e6 9. Qe4 Bc5 10. Nc3 Qb6 11. Be2 Bxf2+ 12. Kf1 Nge7 13. Nb5 O-O 14. Bd3
Nf5 15. Qe2 Bc5 16. Bf4 Ne3+ 17. Bxe3 Bxe3 18. Re1 Bc5 19. a3 a6 20. Nc3 Bd4
21. f4 Bxc3 22. bxc3 Rad8 23. Qe4 g6 24. h4 Ne7 25. Rb1 Qc5 26. h5 Nf5 27. Rh3
Rd7 28. hxg6 fxg6 29. Rxb7 Rxb7 30. Qxb7 Ne7 31. Rf3 Qxa3 32. Qb4 Qxb4 33. cxb4
Nc6 34. Ke2 Nd4+ 35. Ke3 Nxf3 36. Kxf3 g5 37. f5 exf5 38. c5 Rb8 39. Bxa6 Rxb4
40. Ke3 Re4+ 41. Kd3 Rxe5 42. Kd4 Re7 43. Kd5 Kf8 44. Bc8 f4 45. c6 f3 46. Kd6
f2 47. Bh3 g4 48. Bg2 h5 49. c7 Rxc7 50. Kxc7 h4 51. Kd6 h3 52. Bf1 h2 0-1

[Event "DEM U18 2012"]
[Site "Oberhof GER"]
[Date "2012.05.31"]
[Round "7"]
[White "Braun, Georg"]
[Black "Miller, Eduard"]
[Result "1/2-1/2"]
[Termination "normal"]
[Board "3"]
[WhiteElo "2187"]
[BlackElo "2156"]
[PlyCount "68"]
[WhiteFideId "24629383"]
[BlackFideId "24687022"]
[EventCountry "GER"]
[EventRounds "9"]
[EventType "swiss"]
[EventDate "2012.05.26"]

1. e4 c5 2. Nf3 d6 3. d4 cxd4 4. Nxd4 Nf6 5. Nc3 g6 6. Be3 Bg7 7. f3 a6 8. Qd2
Nbd7 9. g4 b5 10. g5 Nh5 11. a4 bxa4 12. Rxa4 Bb7 13. Ra2 O-O 14. Nb3 Qc7 15.
Na5 Rfc8 16. Be2 Nc5 17. O-O e6 18. Nxb7 Qxb7 19. Qxd6 Rc6 20. Qd2 Qc7 21. Nb5
Qe7 22. Qe1 Rac8 23. Nc3 Be5 24. f4 Bxc3 25. Qxc3 e5 26. Qxe5 Re6 27. Bxc5 Rxc5
28. Qb8+ Kg7 29. Bxh5 gxh5 30. f5 Qxg5+ 31. Kh1 Qe3 32. Rg1+ Kf6 33. fxe6 Qxe4+
34. Rg2 Qe1+ 1/2-1/2

[Event "DEM U18 2012"]
[Site "Oberhof GER"]
[Date "2012.05.31"]
[Round "7"]
[White "Friedrich, Wiede"]
[Black "Klek, Hanna Marie"]
[Result "0-1"]
[Termination "normal"]
[Board "4"]
[WhiteElo "2251"]
[BlackElo "2220"]
[PlyCount "132"]
[WhiteFideId "24629537"]
[BlackFideId "24670057"]
[EventCountry "GER"]
[EventRounds "9"]
[EventType "swiss"]
[EventDate "2012.05.26"]

1. e4 e5 2. Nf3 Nc6 3. Bc4 Bc5 4. O-O Nf6 5. d4 Bxd4 6. Nxd4 Nxd4 7. f4 d6 8.
fxe5 dxe5 9. Bg5 Qe7 10. Kh1 Be6 11. Bxe6 Qxe6 12. Bxf6 gxf6 13. c3 Nc6 14. Na3
Rg8 15. Nb5 Rc8 16. Qe2 Rg6 17. Rf3 a6 18. Na3 Rd8 19. Nc2 Qg4 20. Raf1 Rd6 21.
R1f2 Ne7 22. Ne3 Qxe4 23. Nf5 Qxe2 24. Nxd6+ cxd6 25. Rxe2 f5 26. Kg1 Kd7 27.
Kf2 Rh6 28. Kg1 Rh4 29. Ree3 Ra4 30. a3 f4 31. Re2 h6 32. g3 Ng6 33. Rf1 Ke6
34. Ra1 Rc4 35. Rc1 fxg3 36. hxg3 Rg4 37. Kf2 h5 38. Rd1 d5 39. Rd4 f5 40. Rxg4
hxg4 41. Re1 Nh8 42. a4 Nf7 43. Kg2 Nd6 44. Rh1 Nf7 45. Rh4 Kf6 46. a5 Kg6 47.
b4 Nh6 48. Rh1 f4 49. Kf2 Nf5 50. gxf4 exf4 51. Rh8 Nd6 52. Rd8 Ne4+ 53. Kf1
Nxc3 54. Rd7 f3 55. Rxb7 g3 56. b5 g2+ 57. Kf2 Ne2 58. Kxf3 g1=Q 59. Kxe2 d4
60. bxa6 Qe3+ 61. Kf1 d3 62. Rb6+ Kg5 63. a7 Qf3+ 64. Kg1 d2 65. Kh2 d1=Q 66.
Rb8 Qdh1# 0-1

[Event "DEM U18 2012"]
[Site "Oberhof GER"]
[Date "2012.05.31"]
[Round "7"]
[White "Mons, Leon"]
[Black "Frischmann, Rick"]
[Result "1-0"]
[Termination "normal"]
[Board "5"]
[WhiteTitle "FM"]
[WhiteElo "2345"]
[BlackElo "2144"]
[PlyCount "101"]
[WhiteFideId "4614950"]
[BlackFideId "24660752"]
[EventCountry "GER"]
[EventRounds "9"]
[EventType "swiss"]
[EventDate "2012.05.26"]

1. Nf3 Nc6 2. d4 d5 3. c4 Bg4 4. Nc3 Bxf3 5. gxf3 e6 6. cxd5 exd5 7. Bf4 Bd6 8.
Nxd5 Bxf4 9. Nxf4 Qxd4 10. Qxd4 Nxd4 11. O-O-O Rd8 12. e3 Ne6 13. Nd3 Nf6 14.
Bh3 Ke7 15. Rhg1 g6 16. f4 Rd6 17. Ne5 Ne4 18. Rxd6 cxd6 19. Nd3 Rc8+ 20. Kd1
f5 21. f3 N4c5 22. Nb4 Nc7 23. Kd2 a5 24. Nc2 N7e6 25. Na3 Na6 26. Nb5 Nb4 27.
Nc3 Rc5 28. Bf1 Nd5 29. Na4 Rc8 30. Be2 Nc5 31. Rc1 Rd8 32. Nc3 Nf6 33. Nb5 Ne6
34. Bd1 d5 35. Bb3 d4 36. Nxd4 Nxd4 37. exd4 Rxd4+ 38. Ke3 Rd6 39. Rc7+ Rd7 40.
Rc5 b6 41. Re5+ Kd8 42. Re6 Re7 43. Kd4 Rxe6 44. Bxe6 Ke7 45. Ke5 Nh5 46. Bc4
h6 47. a4 Nf6 48. Bb5 Nh5 49. Kd5 Nf6+ 50. Kc6 Nd7 51. Kc7 1-0

[Event "DEM U18 2012"]
[Site "Oberhof GER"]
[Date "2012.05.31"]
[Round "7"]
[White "Wenninger, Philipp"]
[Black "Kramer, Julian"]
[Result "1-0"]
[Termination "normal"]
[Board "6"]
[WhiteElo "2205"]
[BlackElo "2052"]
[PlyCount "65"]
[WhiteFideId "4648404"]
[BlackFideId "12921742"]
[EventCountry "GER"]
[EventRounds "9"]
[EventType "swiss"]
[EventDate "2012.05.26"]

1. d4 d5 2. c4 c6 3. Nf3 Nf6 4. Nc3 e6 5. Bg5 h6 6. Bh4 dxc4 7. e4 g5 8. Bg3 b5
9. Be2 Bb7 10. h4 g4 11. Ne5 h5 12. O-O Nbd7 13. Nxd7 Qxd7 14. Be5 Rh6 15. b3
b4 16. Na4 Nxe4 17. Bxc4 c5 18. Qe2 O-O-O 19. Ba6 Bxa6 20. Qxa6+ Qb7 21. Qe2
Nc3 22. Nxc3 bxc3 23. dxc5 Bxc5 24. Rac1 Rd5 25. Rxc3 Kd7 26. Rfc1 Bb6 27. Rd3
Rg6 28. Rcd1 Ke7 29. Bf4 Rxd3 30. Qxd3 Qd5 31. Qe2 Qc6 32. g3 Bc7 33. Rc1 1-0

[Event "DEM U18 2012"]
[Site "Oberhof GER"]
[Date "2012.05.31"]
[Round "7"]
[White "Heyne, Lukas"]
[Black "Hahn, Markus"]
[Result "0-1"]
[Termination "normal"]
[Board "7"]
[WhiteElo "2050"]
[BlackElo "2148"]
[PlyCount "54"]
[WhiteFideId "24618080"]
[BlackFideId "24654647"]
[EventCountry "GER"]
[EventRounds "9"]
[EventType "swiss"]
[EventDate "2012.05.26"]

1. e4 c5 2. c3 b6 3. d4 Bb7 4. Bd3 Nf6 5. Nd2 e6 6. Ngf3 Nc6 7. O-O Rc8 8. Re1
Be7 9. Nf1 cxd4 10. cxd4 O-O 11. Bg5 d6 12. Rc1 Nd7 13. Bxe7 Nxe7 14. Rxc8 Qxc8
15. Qd2 Qb8 16. Ng3 Nf6 17. e5 Nfd5 18. Qg5 Ng6 19. Bxg6 fxg6 20. Qh4 Nf4 21.
Ng5 h6 22. N5e4 dxe5 23. Qe7 exd4 24. Nd6 Bd5 25. Rc1 Qd8 26. Qxd8 Rxd8 27. Nb5
d3 0-1

[Event "DEM U18 2012"]
[Site "Oberhof GER"]
[Date "2012.05.31"]
[Round "7"]
[White "Boes, Christoph"]
[Black "Zuferi, Enis"]
[Result "0-1"]
[Termination "normal"]
[Board "9"]
[WhiteElo "1927"]
[BlackElo "2045"]
[PlyCount "54"]
[WhiteFideId "1270004"]
[BlackFideId "24692530"]
[EventCountry "GER"]
[EventRounds "9"]
[EventType "swiss"]
[EventDate "2012.05.26"]

1. e4 c5 2. Nc3 d6 3. Nge2 Nf6 4. d4 cxd4 5. Nxd4 a6 6. Be3 Ng4 7. Bg5 h6 8.
Bh4 g5 9. Bg3 Bg7 10. Qd2 Nc6 11. Nb3 Bd7 12. Be2 Rc8 13. h4 Na5 14. hxg5 Nc4
15. Bxc4 Rxc4 16. gxh6 Bxc3 17. bxc3 Rxe4+ 18. Kf1 Re6 19. Bf4 Rf6 20. Re1 Qb6
21. Rh4 e5 22. c4 Be6 23. c5 Qb5+ 24. Kg1 Rxf4 25. Qxd6 Qd7 26. Qb8+ Qd8 27.
Qxb7 Qxh4 0-1

[Event "DEM U18 2012"]
[Site "Oberhof GER"]
[Date "2012.05.31"]
[Round "7"]
[White "Budszuhn, Timo"]
[Black "Riederer, Martin"]
[Result "1-0"]
[Termination "normal"]
[Board "10"]
[WhiteElo "1964"]
[BlackElo "1912"]
[PlyCount "125"]
[WhiteFideId "1270607"]
[BlackFideId "12903140"]
[EventCountry "GER"]
[EventRounds "9"]
[EventType "swiss"]
[EventDate "2012.05.26"]

1. b3 d5 2. Nf3 Nf6 3. Bb2 g6 4. g3 Bg7 5. Bg2 O-O 6. d3 c6 7. Nbd2 Bg4 8. c4
dxc4 9. Nxc4 Nbd7 10. Qc2 Nb6 11. O-O Nxc4 12. bxc4 Bxf3 13. Bxf3 Nd7 14. Bxg7
Kxg7 15. Rab1 Rb8 16. Rb2 Qc7 17. Rfb1 b6 18. d4 e5 19. e3 c5 20. d5 f5 21. e4
f4 22. Bg4 Nf6 23. Qe2 Ne8 24. Rb3 Qd6 25. h4 Rb7 26. a4 Nc7 27. a5 Na6 28.
gxf4 Rxf4 29. Bc8 Rbf7 30. Bxa6 Qf6 31. Rf1 Rxh4 32. Rg3 Rf4 33. Bc8 Qh4 34.
Rg4 Qh5 35. f3 R7f6 36. Qh2 Rxf3 37. Rxf3 Qxh2+ 38. Kxh2 Rxf3 39. axb6 axb6 40.
Rg3 Rf4 41. d6 Kf8 42. Ra3 Rf2+ 43. Kg3 Rd2 44. d7 Ke7 45. Ra6 Rd6 46. Ra2 Rd4
47. Rh2 h5 48. Rf2 Kd8 49. Rf6 Kc7 50. Rf8 g5 51. Rg8 Rd3+ 52. Kf2 Rd4 53. Re8
h4 54. Rxe5 Rxc4 55. Rd5 Kd8 56. Rxg5 Rd4 57. Rh5 c4 58. Rxh4 c3 59. Ke3 Rd1
60. Rh8+ Kc7 61. d8=Q+ Rxd8 62. Rxd8 Kxd8 63. Ba6 1-0

[Event "DEM U18 2012"]
[Site "Oberhof GER"]
[Date "2012.05.31"]
[Round "7"]
[White "Karthäuser, Johannes"]
[Black "Brodmann, Anton"]
[Result "0-1"]
[Termination "normal"]
[Board "12"]
[WhiteElo "1954"]
[BlackElo "1937"]
[PlyCount "76"]
[BlackFideId "24655481"]
[EventCountry "GER"]
[EventRounds "9"]
[EventType "swiss"]
[EventDate "2012.05.26"]

1. e4 e6 2. d4 d5 3. Nc3 Nf6 4. e5 Nfd7 5. f4 c5 6. Nf3 Nc6 7. Be3 a6 8. Qd2 b5
9. a3 g5 10. fxg5 cxd4 11. Nxd4 Ncxe5 12. Be2 Bg7 13. O-O Bb7 14. Bh5 O-O 15.
b3 Rc8 16. Nce2 Qe7 17. Nf4 Nc5 18. h4 Ng6 19. Nxg6 fxg6 20. Bg4 Rce8 21. Rxf8+
Kxf8 22. Qb4 Kg8 23. Re1 e5 24. Nxb5 Ne4 25. Qxe7 Rxe7 26. Na7 d4 27. Bf2 Nxf2
28. Kxf2 Rc7 29. Re2 e4 30. Ke1 Be5 31. Kd1 Bf4 32. Be6+ Kg7 33. Rf2 Be3 34.
Re2 Rc3 35. Ke1 Bf4 36. Kf1 Bg3 37. h5 d3 38. Re3 d2 0-1

[Event "DEM U18 2012"]
[Site "Oberhof GER"]
[Date "2012.05.31"]
[Round "7"]
[White "Hocke, Sebastian"]
[Black "Dünzel, Jonas"]
[Result "0-1"]
[Termination "normal"]
[Board "13"]
[WhiteElo "1957"]
[BlackElo "2055"]
[PlyCount "50"]
[WhiteFideId "24678724"]
[BlackFideId "24631167"]
[EventCountry "GER"]
[EventRounds "9"]
[EventType "swiss"]
[EventDate "2012.05.26"]

1. e4 c5 2. Nf3 d6 3. d4 cxd4 4. Nxd4 Nf6 5. Nc3 a6 6. Bg5 e6 7. f4 Qb6 8. Qd2
Nc6 9. Nb3 Be7 10. Be2 Qc7 11. O-O b5 12. a3 Bb7 13. Rad1 Rd8 14. Qe3 h6 15.
Bh4 O-O 16. f5 Ne5 17. fxe6 fxe6 18. Nd4 Bc8 19. Qg3 Nc4 20. Bxc4 Qxc4 21. b3
Qc7 22. Kh1 Nh5 23. Qe1 Bxh4 24. Qxh4 Qxc3 25. Qxh5 Qxd4 0-1

[Event "DEM U18 2012"]
[Site "Oberhof GER"]
[Date "2012.06.01"]
[Round "8"]
[White "Schreiner, Till"]
[Black "Berchtenbreiter, Maximilian"]
[Result "1/2-1/2"]
[Termination "normal"]
[Board "1"]
[BlackTitle "FM"]
[WhiteElo "2219"]
[BlackElo "2332"]
[PlyCount "120"]
[WhiteFideId "24675555"]
[BlackFideId "24641120"]
[EventCountry "GER"]
[EventRounds "9"]
[EventType "swiss"]
[EventDate "2012.05.26"]

1. d4 Nf6 2. c4 c5 3. d5 a6 4. a4 e6 5. Nc3 exd5 6. cxd5 d6 7. Nf3 g6 8. h3 Bg7
9. e4 O-O 10. Bd3 Re8 11. O-O Nh5 12. Be3 Nd7 13. Qd2 Nf8 14. Rab1 f5 15. exf5
Bxf5 16. Bxf5 gxf5 17. Bh6 Qf6 18. Bxg7 Qxg7 19. b4 Rac8 20. Rfc1 Ng6 21. Kh2
h6 22. bxc5 Rxc5 23. Qd4 Ne5 24. Nxe5 Rxe5 25. Rb6 Qc7 26. Rb3 Qf7 27. Rcb1 Re7
28. Rb6 Qg7 29. Qxg7+ Nxg7 30. R1b3 Ne8 31. Nd1 Rc1 32. Ne3 f4 33. Nf5 Ree1 34.
g4 Rh1+ 35. Kg2 Nf6 36. Rxb7 Rcg1+ 37. Kf3 Rxh3+ 38. Ke2 Rxb3 39. Rxb3 Nxg4 40.
Rb4 Nf6 41. Rxf4 h5 42. Nxd6 Nxd5 43. Rd4 Ne7 44. Kf3 Ng6 45. Nf5 Kf7 46. Nh4
Ne5+ 47. Ke2 Ra1 48. Rd5 Ra2+ 49. Kf1 Ra1+ 50. Kg2 Nc4 51. Rxh5 Rxa4 52. Nf3
Ke6 53. Nd4+ Kd6 54. Kf3 a5 55. Ke2 Ra2+ 56. Kd3 Ne5+ 57. Ke4 Ng4 58. Rd5+ Kc7
59. Rc5+ Kb6 60. Rc6+ Kb7 1/2-1/2

[Event "DEM U18 2012"]
[Site "Oberhof GER"]
[Date "2012.06.01"]
[Round "8"]
[White "Klek, Hanna Marie"]
[Black "Zimmermann, Ulrich"]
[Result "1-0"]
[Termination "normal"]
[Board "2"]
[WhiteElo "2220"]
[BlackElo "2207"]
[PlyCount "147"]
[WhiteFideId "24670057"]
[BlackFideId "24654523"]
[EventCountry "GER"]
[EventRounds "9"]
[EventType "swiss"]
[EventDate "2012.05.26"]

1. e4 c6 2. Nc3 g6 3. d4 d5 4. Nf3 Bg7 5. h3 dxe4 6. Nxe4 Nd7 7. Bc4 Ngf6 8.
Nxf6+ Nxf6 9. O-O O-O 10. c3 Qc7 11. Qe2 Bf5 12. Re1 Rae8 13. Ne5 Nd5 14. Bb3
f6 15. Ng4 Kh8 16. Qf3 e5 17. Bxd5 cxd5 18. dxe5 Qc6 19. e6 Be4 20. Qd1 f5 21.
Ne3 f4 22. Nc2 Bxc2 23. Qxc2 Rxe6 24. Bd2 f3 25. Qd3 fxg2 26. Rxe6 Qxe6 27. Re1
Qd7 28. Bg5 d4 29. Re2 Qd5 30. Bh4 Qh5 31. Qe4 g5 32. Bg3 Qxh3 33. Qxg2 Qg4 34.
Qe4 Qxe4 35. Rxe4 dxc3 36. bxc3 Bxc3 37. Re7 Kg8 38. Rxb7 Rf7 39. Rb5 h6 40.
Rd5 Kh7 41. Be5 Bb4 42. Bd4 Kg6 43. Kg2 a6 44. a3 Bxa3 45. Ra5 Bc1 46. Rxa6+
Kh5 47. Rc6 Bf4 48. Ra6 Rd7 49. Bc3 Rc7 50. Bd4 Rc2 51. Kf3 Rc4 52. Ke4 Rb4 53.
Rc6 Ra4 54. Re6 Bb8 55. Kd3 Bf4 56. Ke4 Bc1 57. Kd3 g4 58. Re5+ Kh4 59. Re1 Bf4
60. Rh1+ Kg5 61. Bc5 Kg6 62. Rb1 Ra5 63. Bd4 Kf5 64. Bb6 Re5 65. Bd4 Re6 66.
Rb5+ Be5 67. Ke3 Kf6 68. Rxe5 Rxe5+ 69. Kf4 Ke6 70. Bxe5 h5 71. Bc7 Kd7 72. Bb6
Kc6 73. Bd8 Kd5 74. Bh4 1-0

[Event "DEM U18 2012"]
[Site "Oberhof GER"]
[Date "2012.06.01"]
[Round "8"]
[White "Miller, Eduard"]
[Black "Mons, Leon"]
[Result "0-1"]
[Termination "normal"]
[Board "3"]
[BlackTitle "FM"]
[WhiteElo "2156"]
[BlackElo "2345"]
[PlyCount "42"]
[WhiteFideId "24687022"]
[BlackFideId "4614950"]
[EventCountry "GER"]
[EventRounds "9"]
[EventType "swiss"]
[EventDate "2012.05.26"]

1. d4 d6 2. c4 e5 3. Nc3 exd4 4. Qxd4 Nf6 5. Nf3 g6 6. b3 Bg7 7. Bb2 O-O 8. g3
Nbd7 9. Bg2 Nc5 10. Rd1 Ng4 11. Qd2 Nxf2 12. Kxf2 Bxc3 13. Bxc3 Ne4+ 14. Ke1
Nxd2 15. Nxd2 Qe7 16. Rf1 Bg4 17. Rf2 Rae8 18. Be4 c6 19. Kf1 f5 20. Bd3 f4 21.
Ne4 Bf5 0-1

[Event "DEM U18 2012"]
[Site "Oberhof GER"]
[Date "2012.06.01"]
[Round "8"]
[White "Hahn, Markus"]
[Black "Braun, Georg"]
[Result "1/2-1/2"]
[Termination "normal"]
[Board "4"]
[WhiteElo "2148"]
[BlackElo "2187"]
[PlyCount "119"]
[WhiteFideId "24654647"]
[BlackFideId "24629383"]
[EventCountry "GER"]
[EventRounds "9"]
[EventType "swiss"]
[EventDate "2012.05.26"]

1. d4 e6 2. c4 f5 3. g3 Nf6 4. Bg2 Be7 5. Nf3 d6 6. O-O O-O 7. b4 Ne4 8. Bb2 a5
9. b5 a4 10. Qd3 c6 11. Nbd2 cxb5 12. cxb5 d5 13. Nb1 Nd7 14. Ba3 Nb6 15. Ne5
Bxa3 16. Nxa3 Nd6 17. Rfc1 Bd7 18. Rc5 Nf7 19. Nxf7 Rxf7 20. Rac1 Be8 21. Qc3
g5 22. e3 h5 23. Rc7 Rxc7 24. Qxc7 Rc8 25. Qxd8 Rxd8 26. Kf1 Rc8 27. Rxc8 Nxc8
28. Ke1 Nd6 29. Bf1 f4 30. exf4 gxf4 31. Bd3 Kg7 32. Ke2 Bg6 33. Bxg6 Kxg6 34.
gxf4 Kf5 35. Kf3 Kf6 36. Ke3 Kg6 37. Ke2 b6 38. Ke3 Kf5 39. Kf3 Kg6 40. Ke3 h4
41. h3 Kf6 42. Ke2 Nf5 43. Nc2 Kg6 44. Kd3 Nd6 45. Ne3 Kf6 46. Ng2 Nxb5 47.
Nxh4 Nd6 48. Ng2 Ne4 49. Ne3 Nxf2+ 50. Kc3 Nxh3 51. f5 Nf4 52. fxe6 Kxe6 53.
Kb4 Ne2 54. Nc2 Kf5 55. Kxa4 Nc3+ 56. Kb4 Nxa2+ 57. Kb5 Ke4 58. Kxb6 Kd3 59.
Kc5 Kxc2 60. Kxd5 1/2-1/2

[Event "DEM U18 2012"]
[Site "Oberhof GER"]
[Date "2012.06.01"]
[Round "8"]
[White "Friedrich, Wiede"]
[Black "Cremer, Jan Paul"]
[Result "0-1"]
[Termination "normal"]
[Board "5"]
[WhiteElo "2251"]
[BlackElo "2089"]
[PlyCount "44"]
[WhiteFideId "24629537"]
[BlackFideId "24686115"]
[EventCountry "GER"]
[EventRounds "9"]
[EventType "swiss"]
[EventDate "2012.05.26"]

1. e4 c5 2. c3 d5 3. exd5 Qxd5 4. d4 g6 5. Nf3 Bg7 6. dxc5 Qxc5 7. Be2 Nf6 8.
O-O O-O 9. Na3 Nd5 10. Nd4 Rd8 11. Nb3 Qb6 12. Bf3 Nxc3 13. Qe1 Nxa2 14. Qxe7
Bf6 15. Qe3 Nxc1 16. Raxc1 Bxb2 17. Rcd1 Rxd1 18. Qe8+ Kg7 19. Rxd1 Bd7 20.
Rxd7 Nxd7 21. Qxa8 Qxb3 22. Nb1 Qc2 0-1

[Event "DEM U18 2012"]
[Site "Oberhof GER"]
[Date "2012.06.01"]
[Round "8"]
[White "Kramer, Julian"]
[Black "Frischmann, Rick"]
[Result "0-1"]
[Termination "normal"]
[Board "7"]
[WhiteElo "2052"]
[BlackElo "2144"]
[PlyCount "84"]
[WhiteFideId "12921742"]
[BlackFideId "24660752"]
[EventCountry "GER"]
[EventRounds "9"]
[EventType "swiss"]
[EventDate "2012.05.26"]

1. e4 c5 2. Nf3 e6 3. d4 cxd4 4. Nxd4 a6 5. Bd3 Qc7 6. O-O Nf6 7. Qe2 d6 8. c4
g6 9. Nc3 Bg7 10. Kh1 O-O 11. f4 Nbd7 12. Bd2 b6 13. Rae1 Bb7 14. f5 Rae8 15.
fxe6 fxe6 16. Nf3 Ng4 17. Bc2 Nge5 18. Nxe5 Nxe5 19. Bb3 Rxf1+ 20. Rxf1 Nc6 21.
Ba4 Nd4 22. Qd3 Rc8 23. Bf4 e5 24. Be3 Qxc4 25. Qxc4+ Rxc4 26. Bxd4 Rxd4 27.
Bb3+ Kh8 28. Rf7 Bxe4 29. Nxe4 Rxe4 30. g3 Re1+ 31. Kg2 e4 32. Kf2 Rb1 33. Ke3
Re1+ 34. Kf2 Rh1 35. Ke3 Rxh2 36. Kxe4 Bxb2 37. Kd5 Ba3 38. Ke6 Re2+ 39. Kd7
Rg2 40. Bd5 Rxg3 41. Ke7 Re3+ 42. Kf8 Re5 0-1

[Event "DEM U18 2012"]
[Site "Oberhof GER"]
[Date "2012.06.01"]
[Round "8"]
[White "Zuferi, Enis"]
[Black "Budszuhn, Timo"]
[Result "1-0"]
[Termination "normal"]
[Board "8"]
[WhiteElo "2045"]
[BlackElo "1964"]
[PlyCount "65"]
[WhiteFideId "24692530"]
[BlackFideId "1270607"]
[EventCountry "GER"]
[EventRounds "9"]
[EventType "swiss"]
[EventDate "2012.05.26"]

1. d4 Nf6 2. c4 g6 3. Nc3 d5 4. Nf3 Bg7 5. Qb3 c6 6. cxd5 Nxd5 7. e4 Nxc3 8.
bxc3 O-O 9. Be3 Qc7 10. Bc4 b5 11. Be2 Nd7 12. O-O Nb6 13. Rfd1 Be6 14. Qc2 Bc4
15. Rac1 Rfd8 16. Bg5 Re8 17. Bxc4 Nxc4 18. Nd2 f6 19. Bh4 Bh6 20. Bg3 Qc8 21.
f4 Nxd2 22. Rxd2 e5 23. Rf1 Qe6 24. Re2 Rad8 25. fxe5 fxe5 26. Bxe5 c5 27. Rf6
Qc4 28. Rc6 Rf8 29. h3 cxd4 30. Rxc4 d3 31. Qb3 bxc4 32. Qxc4+ Rf7 33. Rf2 1-0

[Event "DEM U18 2012"]
[Site "Oberhof GER"]
[Date "2012.06.01"]
[Round "8"]
[White "Brodmann, Anton"]
[Black "Becker, Matthias"]
[Result "0-1"]
[Termination "normal"]
[Board "9"]
[WhiteElo "1937"]
[BlackElo "2007"]
[PlyCount "40"]
[WhiteFideId "24655481"]
[BlackFideId "12915564"]
[EventCountry "GER"]
[EventRounds "9"]
[EventType "swiss"]
[EventDate "2012.05.26"]

1. e4 e6 2. d4 d5 3. Nc3 Bb4 4. exd5 exd5 5. Bd3 Nc6 6. a3 Be7 7. Nce2 Bg4 8.
f3 Bh5 9. Nf4 Bg6 10. Nxg6 hxg6 11. g3 Bd6 12. Ne2 Qf6 13. Bf4 Bxf4 14. Nxf4
Nxd4 15. Nxd5 Qe5+ 16. Be4 O-O-O 17. Nf4 f5 18. c3 Nc6 19. Qe2 fxe4 20. Nxg6
Qxg3+ 0-1

[Event "DEM U18 2012"]
[Site "Oberhof GER"]
[Date "2012.06.01"]
[Round "8"]
[White "Heyne, Lukas"]
[Black "Mertens, Fridolin"]
[Result "1/2-1/2"]
[Termination "normal"]
[Board "10"]
[WhiteElo "2050"]
[BlackElo "2038"]
[PlyCount "171"]
[WhiteFideId "24618080"]
[BlackFideId "24671940"]
[EventCountry "GER"]
[EventRounds "9"]
[EventType "swiss"]
[EventDate "2012.05.26"]

1. d4 Nf6 2. Nf3 e6 3. e3 d5 4. Bd3 Nbd7 5. Nbd2 Be7 6. O-O O-O 7. Re1 Re8 8.
e4 dxe4 9. Nxe4 h6 10. c3 c5 11. Bf4 Nxe4 12. Bxe4 Qb6 13. Ne5 Nf6 14. Nc4 Qa6
15. Bd3 b5 16. Ne5 c4 17. Be2 Nd5 18. Bf3 Bb7 19. Bxd5 exd5 20. Qh5 Qf6 21. Bg3
Bc8 22. Bh4 Qf5 23. Qxf5 Bxf5 24. Bxe7 Rxe7 25. Nc6 Rxe1+ 26. Rxe1 Be6 27. a4
bxa4 28. Ra1 Kf8 29. Nb4 Bd7 30. Nxd5 Rb8 31. Ra2 a3 32. Rxa3 Rxb2 33. h3 Rb7
34. Ra5 Bb5 35. Kf1 a6 36. f3 Rd7 37. Nb4 Rd6 38. Kf2 Ke7 39. d5 Kd7 40. Ke3
Kc7 41. Kd4 Kb6 42. Ra2 f6 43. Re2 a5 44. Nc2 Bc6 45. Ne3 Bxd5 46. Nxd5+ Kc6
47. Kxc4 Rxd5 48. Re6+ Rd6 49. Re7 g6 50. Rh7 h5 51. Rg7 f5 52. Rg8 Rf6 53. Rb8
Kc7 54. Rb5 Ra6 55. Kb3 a4+ 56. Ka3 Rc6 57. Kb4 Ra6 58. Rd5 a3 59. Rd1 Kc6 60.
Ra1 Kd5 61. Rd1+ Kc6 62. Ra1 Kd5 63. Kb5 Ra8 64. Rd1+ Ke5 65. c4 a2 66. Ra1 Kd4
67. c5 Kc3 68. c6 Kb2 69. Re1 a1=Q 70. Rxa1 Kxa1 71. c7 Kb2 72. Kb6 Kc3 73. Kb7
Re8 74. c8=Q+ Rxc8 75. Kxc8 Kd3 76. Kd7 Ke3 77. Ke6 Kf2 78. g4 Kxf3 79. gxh5
gxh5 80. Kxf5 h4 81. Ke5 Kg3 82. Ke4 Kxh3 83. Kf3 Kh2 84. Kf2 h3 85. Kf1 Kg3
86. Kg1 1/2-1/2

[Event "DEM U18 2012"]
[Site "Oberhof GER"]
[Date "2012.06.01"]
[Round "8"]
[White "Riederer, Martin"]
[Black "Weber, Max"]
[Result "0-1"]
[Termination "normal"]
[Board "11"]
[WhiteElo "1912"]
[BlackElo "2062"]
[PlyCount "152"]
[WhiteFideId "12903140"]
[BlackFideId "4624831"]
[EventCountry "GER"]
[EventRounds "9"]
[EventType "swiss"]
[EventDate "2012.05.26"]

1. d4 Nf6 2. c4 e6 3. Nf3 b6 4. a3 Bb7 5. Nc3 d5 6. Bf4 Bd6 7. Bg3 O-O 8. e3
Bxg3 9. hxg3 Nbd7 10. Bd3 dxc4 11. Bxc4 c5 12. O-O cxd4 13. exd4 Rc8 14. Qe2
Nb8 15. Rfd1 Bxf3 16. gxf3 Nc6 17. d5 exd5 18. Nxd5 Nxd5 19. Bxd5 Qf6 20. Bxc6
Qxc6 21. Rd2 Rfe8 22. Qd3 Rc7 23. Rad1 h6 24. Qf5 Qe6 25. Qb5 Qe5 26. Qa4 Rce7
27. Kg2 Qf6 28. Rd8 Rxd8 29. Rxd8+ Kh7 30. Qc2+ g6 31. Ra8 Qe6 32. Qc3 f6 33.
Qd4 Rd7 34. Qf4 Qe7 35. Qc4 Qf7 36. Qc8 Qg7 37. a4 Rc7 38. Qe6 Re7 39. Qb3 Rf7
40. Qb5 Rf8 41. Rxf8 Qxf8 42. b4 h5 43. a5 bxa5 44. bxa5 Qe7 45. a6 Kh6 46. Qd5
g5 47. Qd4 Kg6 48. f4 gxf4 49. Qxf4 Qe6 50. Qa4 Qd5+ 51. Kf1 Qd3+ 52. Ke1 Qb1+
53. Kd2 Qb2+ 54. Ke3 Qb6+ 55. Kf3 Qc5 56. Qe4+ Kf7 57. Qd3 Ke6 58. Qe2+ Kd6 59.
Kf4 Qg5+ 60. Kf3 Qg4+ 61. Ke3 Qxe2+ 62. Kxe2 Kc5 63. Kf3 Kb5 64. g4 hxg4+ 65.
Kxg4 Kxa6 66. Kf5 Kb6 67. Kxf6 a5 68. f4 a4 69. f5 a3 70. Ke7 a2 71. f6 a1=Q
72. f7 Qe5+ 73. Kf8 Qh8+ 74. Ke7 Qg7 75. Ke8 Kc6 76. f8=N Kd6 0-1